身体本来就会的11个自愈运动,让你年轻10岁 (Record no. 69873)

000 -LEADER
fixed length control field 00528nam a22001817a 4500
003 - CONTROL NUMBER IDENTIFIER
control field MPLRDC
005 - DATE AND TIME OF LATEST TRANSACTION
control field 20220105061153.0
008 - FIXED-LENGTH DATA ELEMENTS--GENERAL INFORMATION
fixed length control field 210129b ||||| |||| 00| 0 eng d
020 ## - INTERNATIONAL STANDARD BOOK NUMBER
International Standard Book Number 978-986-6228-88-9
082 ## - DEWEY DECIMAL CLASSIFICATION NUMBER
Classification number 411.16 YYZS
100 ## - MAIN ENTRY--PERSONAL NAME
Personal name 永野正史 MASASHI NAGANO
245 ## - TITLE STATEMENT
Title 身体本来就会的11个自愈运动,让你年轻10岁
Statement of responsibility, etc. 赖祈昌 译
250 ## - EDITION STATEMENT
Edition statement 初版一刷
260 ## - PUBLICATION, DISTRIBUTION, ETC.
Place of publication, distribution, etc. 台湾
Name of publisher, distributor, etc. 采实文化事业有限公司
Date of publication, distribution, etc. 2013
300 ## - PHYSICAL DESCRIPTION
Other physical details
650 ## - SUBJECT ADDED ENTRY--TOPICAL TERM
Topical term or geographic name entry element 运动健康法
942 ## - ADDED ENTRY ELEMENTS (KOHA)
Koha item type New Book
-- 411.16 YYZS

No items available.

© 2022. Malaysian Public Library, Research and Development Centre. All Right ReservedE-mailmplrdc@help.edu.my 

Powered by Koha